| Tag |
First Indicator |
Second Indicator |
Subfields |
| LEADER |
00000cam a22000001a 4500 |
| 001 |
in00003372239 |
| 006 |
m d f |
| 007 |
cr bn mmmapmmp |
| 008 |
100727s2003 dcu o f000 0 eng d |
| 005 |
20260430223833.3 |
| 035 |
|
|
|a cis2007900540
|
| 040 |
|
|
|a ProQuest
|c ProQuest
|d UtOrBLW
|
| 043 |
|
|
|a n-us---
|
| 099 |
|
|
|a CRS-2003-AML-0151
|
| 110 |
2 |
|
|a Library of Congress.
|b Congressional Research Service.
|
| 245 |
1 |
0 |
|a Compliance with the HIPAA Medical Privacy Rule.
|
| 264 |
|
1 |
|a [Place of publication not identified] :
|b [publisher not identified],
|c 2003.
|
| 300 |
|
|
|a 1 online resource.
|
| 336 |
|
|
|a text
|b txt
|2 rdacontent
|
| 337 |
|
|
|a computer
|b c
|2 rdamedia
|
| 338 |
|
|
|a online resource
|b cr
|2 rdacarrier
|
| 500 |
|
|
|a Record is based on bibliographic data in ProQuest U.S. Congressional Research Digital Collection (last viewed July 2010). Reuse except for individual research requires license from ProQuest, LLC.
|
| 500 |
|
|
|a CRS Report.
|
| 520 |
|
|
|a Examines HHS privacy rule mandated by the Health Insurance Portability and Accountability Act (HIPAA), which created national standards to protect individually identifiable health information. Reviews HIPAA privacy rule and considers concerns associated with the rule, including the extent to which it preempts State laws.
|
| 500 |
|
|
|a Electronic resource.
|
| 650 |
|
0 |
|a Consumer protection.
|
| 650 |
|
0 |
|a Medical laws and legislation.
|
| 650 |
|
0 |
|a Privacy, Right of.
|
| 655 |
|
7 |
|a Electronic books.
|2 local
|
| 710 |
2 |
|
|a ProQuest (Firm)
|
| 776 |
0 |
8 |
|i Microfiche version:
|a Library of Congress. Congressional Research Service.
|t Compliance with the HIPAA Medical Privacy Rule
|
| 830 |
|
0 |
|a U.S. Congressional Research.
|
| 856 |
4 |
0 |
|u http://proxy.library.tamu.edu/login?url=https://congressional.proquest.com/congcomp/getdoc?CRDC-ID=CRS-2003-AML-0151
|z Connect to the full text of this electronic book
|t 0
|
| 999 |
|
|
|a MARS
|
| 999 |
f |
f |
|s 1f220e7a-c875-3230-ac30-69a63b4aac48
|i d14affc2-4492-3810-b655-378693212358
|t 0
|
| 952 |
f |
f |
|a Texas A&M University
|b College Station
|c Electronic Resources
|s www_evans
|d Available Online
|t 0
|e CRS-2003-AML-0151
|h Other scheme
|
| 998 |
f |
f |
|a CRS-2003-AML-0151
|t 0
|l Available Online
|